[Event "Angers op 8th"]
[Site "Angers"]
[Date "2013.05.03"]
[Round "1"]
[White "Barton, Robin"]
[Black "Pecot, Matthias"]
[Result "0-1"]
[WhiteElo "1615"]
[BlackElo "1846"]
[PlyCount "88"]
[EventDate "2013.05.03"]
[EventType "swiss"]
[EventRounds "6"]
[EventCountry "FRA"]
[SourceTitle "CBM 154 Extra"]
[Source "ChessBase"]
[SourceDate "2013.06.25"]
[SourceVersion "2"]
[SourceVersionDate "2013.06.25"]
[SourceQuality "1"]

1. e4 e5 2. Nf3 Nc6 3. d4 exd4 4. c3 dxc3 5. Nxc3 Nf6 6. Bc4 Be7 7. 0-0 d6 8. h3 0-0 9. Qe2 h6 10. Rd1 Bd7 11. Bf4 Qc8 12. e5 dxe5 13. Nxe5 Nxe5 14. Bxe5 c6 15. Qf3 Bf5 16. Rd4 Bg6 17. Qg3 Kh7 18. Rad1 b5 19. Be2 c5 20. R4d2 b4 21. Nd5 Ne4 22. Nxe7 Nxg3 23. Nxc8 Nxe2+ 24. Rxe2 Raxc8 25. Rd7 c4 26. Bc7 c3 27. bxc3 bxc3 28. Re1 Rfe8 29. Rc1 c2 30. a4 Re4 31. a5 Rb4 32. Re7 Rb1 33. Bf4 Rd8 34. Ree1 f6 35. Be3 a6 36. Kh2 Rd5 37. Bb6 Kg8 38. g4 Rxc1 39. Rxc1 Rd1 40. Be3 Kf7 41. f4 Bd3 42. Kg3 Ke6 43. f5+ Kd5 44. Kh4 Ke4 0-1

[Event "Angers op 8th"]
[Site "Angers"]
[Date "2013.05.03"]
[Round "2"]
[White "Pecot, Matthias"]
[Black "Malin, Cedric"]
[Result "0-1"]
[WhiteElo "1846"]
[BlackElo "1961"]
[PlyCount "64"]
[EventDate "2013.05.03"]
[EventType "swiss"]
[EventRounds "6"]
[EventCountry "FRA"]
[SourceTitle "CBM 154 Extra"]
[Source "ChessBase"]
[SourceDate "2013.06.25"]
[SourceVersion "2"]
[SourceVersionDate "2013.06.25"]
[SourceQuality "1"]

1. e4 c6 2. d4 d5 3. Nc3 dxe4 4. Nxe4 Bf5 5. Ng3 Bg6 6. Nf3 Nd7 7. h4 h6 8. Bd3 Bxd3 9. Qxd3 Qc7 10. Bd2 Ngf6 11. 0-0-0 0-0-0 12. Qe2 e6 13. Kb1 Bd6 14. Ne4 Nxe4 15. Qxe4 Rhe8 16. Qh7 Bf8 17. c4 Kb8 18. Bc3 Qf4 19. Qd3 f6 20. Qg6 Qc7 21. Rhe1 b6 22. d5 cxd5 23. cxd5 e5 24. Bd2 Qb7 25. Bc1 Nc5 26. b3 Re7 27. Bb2 Rxd5 28. Rxd5 Qxd5 29. Ka1 Qd8 30. b4 Na4 31. Nxe5 fxe5 32. Bxe5+ Rxe5 0-1

[Event "Angers op 7th"]
[Site "Angers"]
[Date "2012.04.20"]
[Round "1"]
[White "Pecot, Matthias"]
[Black "Saintilan, Sebastien"]
[Result "1-0"]
[WhiteElo "1821"]
[BlackElo "1509"]
[PlyCount "63"]
[EventDate "2012.04.20"]
[EventType "swiss"]
[EventRounds "6"]
[EventCountry "FRA"]
[SourceTitle "CBM 148 Extra"]
[Source "ChessBase"]
[SourceDate "2012.06.22"]
[SourceVersion "1"]
[SourceVersionDate "2012.06.22"]
[SourceQuality "1"]

1. e4 d5 2. exd5 Qxd5 3. Nc3 Qa5 4. Bc4 Nf6 5. Nge2 c6 6. d4 Bf5 7. Bd2 Nbd7 8. Ng3 Bg6 9. Qe2 e6 10. 0-0 Qc7 11. Bb3 Bd6 12. f4 0-0-0 13. a4 h5 14. a5 h4 15. Nge4 Bb4 16. Ng5 Nd5 17. Nxd5 exd5 18. Bxb4 Rde8 19. Qf2 f6 20. Nh3 Bf5 21. c4 Bxh3 22. gxh3 dxc4 23. Bxc4 f5 24. Bd3 g6 25. d5 Kb8 26. Rac1 Rc8 27. dxc6 bxc6 28. Bc3 Rh7 29. Rfe1 Rd8 30. Bf1 Kb7 31. b4 Nf8 32. Be5 1-0

[Event "Rennes op 2nd"]
[Site "Rennes"]
[Date "2009.07.22"]
[Round "8"]
[White "Pecot, Matthias"]
[Black "Francois, Yann"]
[Result "1-0"]
[WhiteElo "1930"]
[BlackElo "1580"]
[PlyCount "45"]
[EventDate "2009.07.15"]
[EventType "swiss"]
[EventRounds "9"]
[EventCountry "FRA"]
[SourceTitle "EXT 2011"]
[Source "ChessBase"]
[SourceDate "2010.11.26"]
[SourceVersion "1"]
[SourceVersionDate "2010.11.26"]
[SourceQuality "1"]

1. e4 c5 2. Nf3 d6 3. d4 cxd4 4. Nxd4 Nf6 5. Nc3 a6 6. Be2 e6 7. 0-0 Be7 8. f4 Nbd7 9. Bf3 e5 10. Nf5 0-0 11. Qe1 Nc5 12. fxe5 dxe5 13. Nxe7+ Qxe7 14. Bg5 Qe6 15. Qg3 g6 16. Rad1 Nfd7 17. b4 Qc4 18. Nd5 Nxe4 19. Qh4 Nd6 20. Ne7+ Kg7 21. Qh6+ Kh8 22. Bd5 Nf5 23. Nxf5 1-0

[Event "Rennes op 2nd"]
[Site "Rennes"]
[Date "2009.07.16"]
[Round "2"]
[White "Pecot, Matthias"]
[Black "Crahan, Alan"]
[Result "1-0"]
[WhiteElo "1930"]
[BlackElo "1867"]
[PlyCount "71"]
[EventDate "2009.07.15"]
[EventType "swiss"]
[EventRounds "9"]
[EventCountry "FRA"]
[SourceTitle "EXT 2011"]
[Source "ChessBase"]
[SourceDate "2010.11.26"]
[SourceVersion "1"]
[SourceVersionDate "2010.11.26"]
[SourceQuality "1"]

1. e4 Nf6 2. e5 Nd5 3. d4 d6 4. c4 Nb6 5. exd6 exd6 6. Nc3 Be7 7. Be2 c6 8. Nf3 Bf5 9. 0-0 0-0 10. Be3 Re8 11. Qd2 a5 12. Bd3 Bxd3 13. Qxd3 Na6 14. a3 Nc7 15. Rfd1 d5 16. b3 Ne6 17. c5 Nd7 18. Rab1 b6 19. b4 b5 20. a4 bxa4 21. b5 Nb8 22. Nxa4 Nc7 23. b6 Nb5 24. Ra1 Nd7 25. Nc3 Nxb6 26. Nxb5 cxb5 27. cxb6 Qxb6 28. Qb3 Qb7 29. Rab1 Reb8 30. Bf4 Rd8 31. Qxb5 Qc8 32. Ra1 Qc2 33. Rdc1 Qe4 34. Bd2 Rdb8 35. Qd7 Rb2 36. Re1 1-0